000 01173nam a2200313 a 4500
003 AR-BaUFI
005 20260321064359.0
008 221025s1978 sp ad|||r|||| 000 0 spa|c
020 _a842520092X
040 _aAR-BaUFI
_bspa
_dAR-MoUNM
041 1 _aspa
_hger
044 _asp
_ces
080 0 _a696/99
082 0 4 _224.11
_a690
_bSCHMIT 355
100 1 _aSchmitt, Heinrich,
_d1899-
_927728
245 1 0 _aTratado de construcción :
_belementos, estructuras y reglas fundamentales de la construcción /
_cHeinrich Schmitt ; traducción, Antonio Munné ; Iris Erlenkämper.
250 _a6a ed.
_baum. y actualizada
260 _aBarcelona :
_bGustavo Gili,
_c1980.
300 _axv, 635 p. :
_bil. ; gráfs. ; tablas ;
_c30 cm.
500 _aTítulo original: Hochbaukonstruktion.
500 _aLa obra contiene 3800 ilustraciones.
650 7 _2unescot
_aINGENIERIA DE LA CONSTRUCCION
_98356
650 7 _2mpirdes
_aCONSTRUCCION
_94179
650 7 _aARQUITECTURA
_2unescot
_93268
650 7 _2unescot
_aELEMENTO ESTRUCTURAL (CONSTRUCCION)
_99078
700 1 _aMunné, Antonio.
_etr.
_927729
700 1 _aErlenkämper, Iris.
_etr.
_927730
942 _2ddc
_cLIBRO
999 _c21585
_d21586